00413nam a2200157Ia 4500008004100000020001800041082001500059100001600074245001900090250000900109260005500118300002300173500001900196600002000215650002000235240925s9999 xx 000 0 und d a9789352710805 a336.73 BHA aBhatia, H L 0aPublic Finance a28th aNew Delhi:bVikas Publishing House Pvt Ltdc,2017. a737p.b0fOriginal aIncludes Index aSocial Sciences aSocial Sciences